Score 0/22 Timer 03:00
0 Plays Today
Movie Title Missing Word % Correct
_____ Alone 2: Lost in New YorkHome
95.5%
50 First _____Dates
91%
You Don't _____ with the ZohanMess
86.6%
Around the World in _____ Days80
85.1%
Bedtime _____Stories
82.1%
_____ UpsGrown
82.1%
_____ NickyLittle
80.6%
The _____ YardLongest
80.6%
_____ Crazy NightsEight
79.1%
_____ DaddyBig
76.1%
The _____ HillbilliesBeverly
74.6%
Movie Title Missing Word % Correct
I Now _____ You Chuck & LarryPronounce
73.1%
_____ DreddJudge
71.6%
Deuce Bigalow: Male _____Gigolo
67.2%
Mr. _____Deeds
67.2%
Muppets From _____Space
64.2%
Demolition _____Man
59.7%
Deuce Bigalow: _____ GigoloEuropean
55.2%
The Hot _____Chick
52.2%
_____ PeriscopeDown
49.3%
_____ RoughnessNecessary
37.3%
_____ NinjasSurf
16.4%
Remove Ads.
Support Sporcle.
Get the best of Sporcle when you Go Orange. This ad-free experience offers more features, more stats, and more fun while also helping to support Sporcle. Thank you for becoming a member.

You're not logged in!

Compare scores with friends on all Sporcle quizzes.
OR
Log In

Show Comments

Extras

Top Quizzes Today


Score Distribution

Your Account Isn't Verified!

In order to create a playlist on Sporcle, you need to verify the email address you used during registration. Go to your Sporcle Settings to finish the process.

Report this User

Report this user for behavior that violates our Community Guidelines.

Details: